00858cam a22002171 4500001001300000003000400013005001700017008004100034010001700075025001900092040001800111043001200129050001900141082001800160110006300178245008700241260013100328300006800459650005400527650005900581sa 68005109 DLC20260227112506.0711115s1967 ii abe 000 0 eng  asa 68005109  aPL480:I-E-9504 aDLCcDLCdDLC aa-ii---00aHE365.I44bC3800a711/.7/0954141 aWest Bengal.bCalcutta Metropolitan Planning Organisation.10aTraffic and transportation plan for the Calcutta metropolitan district, 1966-1986. a[Calcutta]bCalcutta Metropolitan Planning Organisation, Development and Planning (T & CP) Dept., Govt. of West Bengalc[1967] aix, 178 p.billus., maps (part fold. col.), plans.c25 x 33 cm. 0aTransportationzIndiazKolkata Metropolitan Area. 0aTraffic engineeringzIndiazKolkata Metropolitan Area.